000 00811nam a2200265 a 4500
008
020 _a0070074054 (pbk.)
049 _aMAIN
090 _aHG4026
_bBRE
100 1 _aBrealey, Richard A.
245 1 0 _aPrinciples of corporate finance /
_cRichard A. Brealey and Stewart C. Myers.
250 _a4th ed.
260 _aNew York :
_bMcGraw-Hill,
_c1991.
300 _axxvii, 924 [66] p. :
_bill. (some col.) ;
_c23 cm.
440 0 _aMcGraw-Hill series in finance.
500 _aIncludes index.
504 _aIncludes bibliographical references.
650 0 _aCorporations
_xFinance.
700 1 _aMyers, Stewart C.
907 _a.b10006710
_b13-12-13
_c17-04-03
003
005 20230120193559.0
040 _cNUST
942 _cBOOKS
_kHG4026
_mBRE
999 _c101642
_d101642